000 00286nam a22001217a 4500
040 _cSK
082 _a635
100 _aKITINOJA LISA
245 _asmall-scale postharvest handling practices a manual for horticultural crops
260 _aRUA
_bKIT
_c2003
300 _a258p.
942 _cEK
999 _c8742
_d8742